书目信息 |
| 题名: |
逻辑思维训练1200题
|
|
| 作者: | 于海娣主编 | |
| 分册: | 第四卷 | |
| 出版信息: | 北京 华文出版社 2010.02 |
|
| 页数: | 583-787页 | |
| 开本: | 24cm | |
| 丛书名: | ||
| 单 册: | ||
| 中图分类: | B80 , B812.2-44 | |
| 科图分类: | ||
| 主题词: | 智力游戏--zhi li you xi , 逻辑思维--Luo Ji Si Wei--训练 , 思维科学 | |
| 电子资源: | ||
| ISBN: | 978-7-5075-3010-0 | |
| 000 | 00841nam 2200253 450 | |
| 001 | CAL 012010112903 | |
| 005 | 20111227142112.73 | |
| 010 | @a978-7-5075-3010-0@dCNY74.00 | |
| 100 | @a20100513d2010 ekmy0chiy50 ea | |
| 101 | 0 | @achi |
| 102 | @aCN@b110000 | |
| 105 | @aa z 000yy | |
| 200 | 1 | @a逻辑思维训练1200题@ALuo Ji Si Wei Xun Lian 1200 Ti@h第四卷@f于海娣主编 |
| 210 | @a北京@c华文出版社@d2010.02 | |
| 215 | @a583-787页@c图@d24cm | |
| 330 | @a本书介绍了排除法、递推法、倒推法、作图法、假设法、计算法、分析法、类比法、推理法、判断法、综合法等11种常用的解题方法。 | |
| 606 | 0 | @a智力游戏@Azhi li you xi |
| 606 | 0 | @a逻辑思维@ALuo Ji Si Wei@x训练 |
| 606 | 0 | @a思维科学 |
| 690 | @aB80@v4 | |
| 690 | @aB812.2-44@v4 | |
| 701 | 0 | @a于海娣主编@AYu Hai Di Zhu Bian |
| 801 | 0 | @aCN@bZZRC@c20111227 |
| 905 | @aZUCC@dB80@eY710:4@f3 | |
| 逻辑思维训练1200题.第四卷/于海娣主编.-北京:华文出版社,2010.02 |
| 583-787页:图;24cm |
| ISBN 978-7-5075-3010-0:CNY74.00 |
| 本书介绍了排除法、递推法、倒推法、作图法、假设法、计算法、分析法、类比法、推理法、判断法、综合法等11种常用的解题方法。 |
| ● |
| 相关链接 |
|
|
|
正题名:逻辑思维训练1200题
索取号:B80/Y710:4
 
预约/预借
| 序号 | 登录号 | 条形码 | 馆藏地/架位号 | 状态 | 备注 |
| 1 | 1182399 | 211823990 | 社科库509/509社科库 19排3列2层/ [索取号:B80/Y710:4] | 在馆 | |
| 2 | 1182400 | 211824007 | 社科库509/509社科库 19排3列2层/ [索取号:B80/Y710:4] | 在馆 | |
| 3 | 1182401 | 211824016 | 社科库509/509社科库 19排3列2层/ [索取号:B80/Y710:4] | 在馆 |